Statistics for Every Player to Play for Both Barcelona and Real Madrid (since 1992)

Click here to take the quiz!

General Stats

  • This quiz has been taken 174 times
  • The average score is 4 of 13

Answer Stats

PlayerTeamYear(s)% Correct
Luís FigoBarcelona1995-2000
94%
Ronaldo NazárioBarcelona1996-1997
94%
Samuel Eto'oReal Madrid1997-2000
57%
Luis EnriqueReal Madrid1991-1996
49%
Michael LaudrupBarcelona1989-1994
35%
Javier SaviolaBarcelona2001-2007
32%
Gheorghe HagiReal Madrid1990-1992
21%
Robert ProsinečkiReal Madrid1991-1995
11%
Albert CeladesBarcelona1995-1999
7%
Alfonso Perez MuñozReal Madrid1991-1995
6%
Daniel GarcíaReal Madrid1994-1998
4%
Fernando Muñoz GarcíaBarcelona1990-1992
4%
Miquel SolerBarcelona1988-1991, 1992-1993
4%

Score Distribution

Percentile by Number Answered

Percent of People with Each Score

Your Score History

You have not taken this quiz